000 00884nam a22002297a 4500
001 25781
003 UA-OsUOA
005 20210903151739.0
007 ta
008 20040427b un ||||| |||| 00| 0 ukr d
040 _aUA-OsUOA
_bukr
_cUA-OsUOA
_dUA-OsUOA
041 _aukr
044 _aUA
080 _a35+342.9+349.6
090 _a35+342.9+349.6
_bП49
245 _aПовноваження місцевого самоврядування
_bзбірник нормативних актів
_nВип. 2
_pРегулювання земельних відносин, будівництво, архітектура та охорона навколишнього природного середовища
260 _aКиїв
_c1999
300 _a144 с.
650 7 _2UDC
_a35 Державне адміністративне управління
942 _cBK
_2udc
955 _a1
999 _c312081
_d312081